banner-ar

Death and burial in ancient Egypt / (Record no. 63030)

MARC details
000 -الفاتح
حقل البيانات ثابتة الطول 01835cam a2200313 i 4500
005 - وقت وتاريخ اخر تعامل مع التسجيلة
رقم الضبط 20240530110620.0
008 - عناصر البيانات ثابتة الطول - معلومات عامة
حقل البيانات ثابتة الطول 151019s2015 ua a b 000 0 eng d
020 ## - الرقم الدولى المعيارى للكتب
الرقم الدولى المعيارى للكتاب 9789774166877 (pbk.)
020 ## - الرقم الدولى المعيارى للكتب
الرقم الدولى المعيارى للكتاب 9774166876 (pbk.)
040 ## - مصدر الفهرسة
وكالة النسخ EG-CaGPL
082 04 - رقم تصنيف ديوى العشرى
رقم الطبعة 21
رقم التصنيف 393.0932
رقم المادة CC/I D
100 1# - المدخل الرئيسى - إسم شخصى
الإسم الشخصى Ikram, Salima.
245 10 - بيان العنوان
العنوان Death and burial in ancient Egypt /
بيان المسئوليه,etc Salima Ikram.
300 ## - الوصف المادى
التعداد x, 241 pages :
تفاصيل ماديه اخرى للوعاء illustrations ;
أبعاد الوعاء 23 cm.
504 ## - تبصرة ببليوجرافية
تبصرة ببليوجرافية,الخ Includes bibliographical references and index.
650 #0 - المدخل الاضافى بالموضوع-مصطلح موضوعى
مصطلح موضوعي Funeral rites and ceremonies, Ancient
التقسيم الفرعي الجغرافي Egypt.
650 #0 - المدخل الاضافى بالموضوع-مصطلح موضوعى
مصطلح موضوعي Mummies
التقسيم الفرعي الجغرافي Egypt.
650 #7 - المدخل الاضافى بالموضوع-مصطلح موضوعى
مصطلح موضوعي Funeral rites and ceremonies, Ancient.
مصدر الرأس أو المصطلح fast
650 #7 - المدخل الاضافى بالموضوع-مصطلح موضوعى
مصطلح موضوعي Mummies.
مصدر الرأس أو المصطلح fast
651 #7 - المدخل الاضافى بالموضوع - اسم جغرافى
الاسم الجغرافي Egypt.
مصدر الرأس أو المصطلح fast
942 ## - عناصر المدخل الإضافي( كوها)
مصدر التصنيف او مخطط الترفيف Dewey Decimal Classification
Koha [default] item type كتاب
264 #1 -
-- Cairo, Egypt :
-- The American University in Cairo Press, 2015.
336 ## -
-- text
-- txt
-- rdacontent
337 ## -
-- unmediated
-- n
-- rdamedia
338 ## -
-- volume
-- nc
-- rdacarrier
520 ## - التبصرة الخاصة بالتعليق أو التلخيص
ملخص,الخ Death, burial, and the afterlife were as important to the ancient Egyptians as how they lived. This well-illustrated book explores all aspects of death in ancient Egypt, including beliefs of the afterlife, mummification, the protection of the body, tombs and their construction and decoration, funerary goods, and the funeral itself. It also addresses the relationship between the living and the dead, and the magico-religious interaction of these two in ancient Egyptian culture.Salima Ikram's own experience with experimental mummification and funerary archaeology lends the book many completely original and provocative insights. In addition, a full survey of current development in the field makes this a unique book that combines all aspects of death and burial in ancient Egypt into one volume.
650 #7 - المدخل الاضافى بالموضوع-مصطلح موضوعى
-- (OCoLC)fst00936237
650 #7 - المدخل الاضافى بالموضوع-مصطلح موضوعى
-- (OCoLC)fst01029115
651 #7 - المدخل الاضافى بالموضوع - اسم جغرافى
-- (OCoLC)fst01208755
Holdings
حالة التراجع حالة الفقد مصدر التصنيف او خطة الترفيف حالة تلف ليس للاعارة المكان المؤقت الموقع الحالى موقع الترفيف تاريخ الاكتساب اجمالي اﻻعارات رقم الطلب الباركود تاريخ اخر مشاهدة تاريخ تفعيل السعر نوع وعاء كوها
    ddc     مكتبة القاهرة الكبرى مكتبة القاهرة الكبرى   12/18/2016   393.0932 CC/I D 162976 12/18/2016 12/18/2016 كتاب

Powered By

EGPV